LEADER 01092cam0-22003851i-450- 001 990002881290403321 005 20060420093730.0 010 $a88-359-3826-0 035 $a000288129 035 $aFED01000288129 035 $a(Aleph)000288129FED01 035 $a000288129 100 $a20030910d1994----km-y0itay50------ba 101 0 $aita 102 $aIT 105 $ay-------001yy 200 1 $aMatematica per la finanza aziendale$fLorenzo Peccati 210 $aRoma$cEditori riuniti$d1994 215 $a368 p.$d22 cm 225 1 $aNuova biblioteca di cultura$iSerie Scientifica 610 0 $aMatematica finanziaria 610 0 $aMatematica finanziaria$ateoria generale 610 0 $aMatematica finanziaria 676 $a332.01 676 $a332.0151 700 1$aPeccati,$bLorenzo$f<1944- >$055475 801 0$aIT$bUNINA$gRICA$2UNIMARC 901 $aBK 912 $a990002881290403321 952 $aMIV-B-210$b5815$fMAS 952 $aVI N 73$b23779$fFSPBC 959 $aMAS 959 $aFSPBC 996 $aMatematica per la finanza aziendale$9416258 997 $aUNINA LEADER 01258nam--2200385---450- 001 990001888920203316 005 20040730090302.0 010 $a3-540-01185-4 035 $a000188892 035 $aUSA01000188892 035 $a(ALEPH)000188892USA01 035 $a000188892 100 $a20040730d2003----km-y0itay0103----ba 101 0 $aeng 102 $aDE 105 $aa|||||||001yy 200 1 $aAdvanced symbolic analysis for compilers$enew techniques and algorithms for symbolic program analysis and optimization$fThomas Fahringer, Bernhard Scholz 210 $aBerlin [etc.]$cSpringer$dcopyr. 2003 215 $aXII, 129 p.$cill.$d24 cm. 225 2 $aLecture notes in computer science$v2628 410 0$12001$aLecture notes in computer science$v2628 454 1$12001 461 1$1001-------$12001 610 0 $aCompilatori programmi per computer 676 $a005.453 700 1$aFAHRINGER,$bThomas$0508818 701 1$aSCHOLZ,$bBernhard$0564903 801 0$aIT$bsalbc$gISBD 912 $a990001888920203316 951 $a001 LNCS 2628$b0029480/CBS$c001$d00113865 959 $aBK 969 $aSCI 979 $aRIVELLI$b90$c20040730$lUSA01$h0903 996 $aAdvanced symbolic analysis for compilers$9953832 997 $aUNISA